| 000 | 01111nam a2200325 c 4500 | ||
|---|---|---|---|
| 999 |
_c181979 _d181979 |
||
| 003 | BLK | ||
| 005 | 20190116134052.0 | ||
| 008 | 180411b bul|||||r ||||||| ||bul|| | ||
| 010 | _aKNG00190902000 | ||
| 020 | _a978-619-195-094-2 | ||
| 040 | _aBLK | ||
| 041 |
_aBUL _cBUL |
||
| 072 | 7 |
_2bullib _aН32 _xПолитика Н |
|
| 080 |
_aПолитика. Вж и 341 ; 342 _b32 _z32 |
||
| 139 |
_aКнигата за политиката _bК 69 |
||
| 245 | 1 | 0 |
_aКнигата за политиката _cпрев. Илия Илиев. |
| 257 | _aGBR | ||
| 260 |
_bКнигомания _c2016 |
||
| 300 |
_a352 с. _c24 см |
||
| 380 | _a3 | ||
| 500 | _aБез сведение за ориг. загл. | ||
| 653 | _aполитика | ||
| 659 | _aН | ||
| 700 | 1 |
_aИлиев, Илия _eпрев. _gКожухаров, Илия Илиев _9363839 |
|
| 852 | _aЦб 282474 | ||
| 856 | 4 | _qpdf | |
| 856 | 4 | _qpdf | |
| 942 |
_cKNG _n0 |
||
| 944 |
_aCR _c21.09.2016 _lф / _kВиолета_Тройчева |
||
| 944 |
_aED _c12.10.2016 _lф / _kЛюдмила_Стоянова |
||
| 999 | _d181979 | ||
| 999 | _d181979 | ||